004780000a2200109000450024500620000030000540006250000820011677300550019894200080025395200900026199900170035110aAn introduction to the New Testament by Charles B. Puskas aVol. LXVI, No. 1 (January, 1994), Páginas 66-67 aPeabody, MA : Hendrickson publishers, 1989. xix + 297 pp. ISBN 0-913573-45-00 tThe evangelical quarlerly : An international revie cANA 001040708HEMaFUSBCbFUSBCd2016-01-26l0o r2016-01-26 00:00:00w2016-01-26yANA c59694d59694